000 00373nam a2200133Ia 4500
005 20251222141951.0
008 251222s9999||||xx |||||||||||||| ||spa||
020 _a84-368-1414-2
082 _aREF.330.03/S85
100 _aSuárez Suárez, Andrés S.
245 0 _aDiccionario Terminológico de Economía, Administración y Finanzas "
264 _bPirámide
942 _cLIB
999 _c9673
_d9673